La sombra de Orión / (Record no. 1)

MARC details
000 -LEADER
campo de control de longitud fija 00569nam a22002177a 4500
005 - FECHA Y HORA DE LA ÚLTIMA TRANSACCIÓN
campo de control 20251201102119.0
007 - CAMPO FIJO DE DESCRIPCIÓN FÍSICA--INFORMACIÓN GENERAL
campo de control de longitud fija ta
008 - DATOS DE LONGITUD FIJA--INFORMACIÓN GENERAL
campo de control de longitud fija 251201t2021 ck |||er|||| 000 1 spa d
020 ## - NÚMERO INTERNACIONAL ESTÁNDAR DEL LIBRO
Número Internacional Estándar del Libro 9789585581524
040 ## - FUENTE DE CATALOGACIÓN
Centro/agencia transcriptor ISTHMUS
041 ## - CÓDIGO DE IDIOMA
Código de lengua original spa
082 ## - NÚMERO DE LA CLASIFICACIÓN DECIMAL DEWEY
Información de edición 22
Número de clasificación 863.63
100 ## - ENTRADA PRINCIPAL--NOMBRE DE PERSONA
Nombre de persona Montoya, Pablo
9 (RLIN) 1
245 03 - MENCIÓN DEL TÍTULO
Título La sombra de Orión /
Mención de responsabilidad, etc. Pablo Montoya.
250 ## - MENCION DE EDICION
Mención de edición 1a ed
260 ## - PUBLICACIÓN, DISTRIBUCIÓN, ETC.
Lugar de publicación, distribución, etc. Bogotá:
Nombre del editor, distribuidor, etc. Random House,
Fecha de publicación, distribución, etc. 2021
300 ## - DESCRIPCIÓN FÍSICA
Extensión 436 p. ;
Dimensiones 21 cm
650 10 - PUNTO DE ACCESO ADICIONAL DE MATERIA--TÉRMINO DE MATERIA
Término de materia o nombre geográfico como elemento de entrada LITERATURA DEL SIGLO XXI
Subdivisión geográfica COLOMBIA
Fuente del encabezamiento o término LEMBP
9 (RLIN) 2
650 10 - PUNTO DE ACCESO ADICIONAL DE MATERIA--TÉRMINO DE MATERIA
Término de materia o nombre geográfico como elemento de entrada CIENCIA FICCIÓN
Subdivisión geográfica COLOMBIA
9 (RLIN) 3
942 ## - ELEMENTOS DE ENTRADA SECUNDARIOS (KOHA)
Fuente de la clasificación o esquema de estantería Clasificación Decimal Dewey
Tipo de ítem Koha Libros
Suprimir en OPAC No
Holdings
Estatus retirado Estado de pérdida Fuente de la clasificación o esquema de estantería Estado de daño No para préstamo Colección Biblioteca de origen Biblioteca actual Ubicación en estantería Fecha de adquisición Fuente de adquisición Coste, precio normal de compra Número de inventario Total de préstamos Signatura topográfica completa Código de barras Visto por última vez Fecha del último préstamo Copia número Precio de reemplazo Tipo de ítem Koha
    Clasificación Decimal Dewey     General Biblioteca Gonzalo Peláez Caldas Biblioteca Gonzalo Peláez Caldas Castellano 04/12/2025 Compra 35000.00 00048 5 Co863.60 M875s 00048 03/06/2026 02/06/2026 Ej. 1 01/12/2025 Libros de literatura